Deutscher WM-Kader 2026 - Statistiken

Allgemein
  • Dieses Quiz wurde 91 mal gespielt
    7 seit der letzten Aktualisierung
  • Das Durchschnittsergebnis liegt bei 24 aus 27
Antworten auf der Karte
Die Antworten werden auf der Karte rot bzw. grün angezeigt, abhängig davon wie oft sie richtig erraten wurden.
 
Antwortstatistiken
# Position Spieler % Korrekt
21 TW Alexander Nübel
100%
2 ABW Antonio Rüdiger
100%
22 ABW David Raum
100%
17 MF Florian Wirtz
100%
Cheftrainer Julian Nagelsmann
100%
7 FW Kai Havertz
100%
25 MF Lennart Karl
100%
1 TW Manuel Neuer
100%
11 FW Nick Woltemade
100%
15 ABW Nico Schlotterbeck
100%
5 MF Aleksandar Pavlović
86%
16 MF Angelo Stiller
86%
26 FW Deniz Undav
86%
23 MF Felix Nmecha
86%
10 MF Jamal Musiala
86%
9 MF Jamie Leweling
86%
4 ABW Jonathan Tah
86%
6 MF © Joshua Kimmich
86%
8 MF Leon Goretzka
86%
19 MF Leroy Sané
86%
14 FW Maximilian Beier
86%
20 MF Nadiem Amiri
86%
18 ABW Nathaniel Brown
86%
12 TW Oliver Baumann
86%
13 MF Pascal Groß
86%
3 ABW Waldemar Anton
86%
24 ABW Malick Thiaw
57%
Keine übereinstimmenden Quizze gefunden
Verteilung der Resultate
Anzahl Personen mit jedem Resultat
Perzentil nach korrekt beantworteten Fragen
Ihre Resultats-Entwicklung
Sie haben dieses Quiz seit der letzten Aktualisierung nicht gespielt